Loading...
| History - European | 0 | 7 | 0 | 0 | 70 | 65 | 81.29 | 2 | 5 |
| History - Other | 0 | 4 | 0 | 1 | 40 | 76 | 100.75 | 0 | 1 |
| Science - Chemistry | 0 | 3 | 0 | 0 | 30 | 68 | 98.00 | 0 | 3 |
| Science - Biology | 0 | 3 | 0 | 1 | 30 | 44 | 64.33 | 1 | 3 |
| Literature - European long fiction | 0 | 2 | 0 | 0 | 20 | 50 | 71.00 | 1 | 2 |
| Literature - British poetry | 0 | 2 | 0 | 0 | 20 | 75 | 86.50 | 1 | 1 |
| History - World | 0 | 2 | 0 | 0 | 20 | 61 | 74.50 | 1 | 2 |
| History - American | 0 | 2 | 0 | 0 | 20 | 78 | 83.00 | 0 | 2 |
| Religion - Hinduism | 0 | 1 | 0 | 0 | 10 | 54 | 54.00 | 1 | 1 |
| Science - Earth | 0 | 1 | 0 | 0 | 10 | 57 | 57.00 | 1 | 1 |
| Science - Physics | 0 | 1 | 0 | 0 | 10 | 70 | 70.00 | 0 | 1 |
| Art - Music/Opera | 0 | 1 | 0 | 0 | 10 | 81 | 81.00 | 0 | 0 |
| Social Science - Mixed/Any | 0 | 1 | 0 | 0 | 10 | 82 | 82.00 | 1 | 1 |
| Literature - American drama | 0 | 1 | 0 | 0 | 10 | 85 | 85.00 | 0 | 1 |
| Literature - British any | 0 | 1 | 0 | 0 | 10 | 79 | 79.00 | 0 | 1 |
| Literature - World/Misc any | 0 | 1 | 0 | 0 | 10 | 103 | 103.00 | 0 | 1 |
| Literature - World/Misc poetry | 0 | 1 | 0 | 0 | 10 | 93 | 93.00 | 0 | 1 |
| Literature - World/Misc short fiction | 0 | 1 | 0 | 0 | 10 | 72 | 72.00 | 0 | 1 |
| Mythology - Greco/Roman | 0 | 1 | 0 | 0 | 10 | 99 | 99.00 | 1 | 1 |
| Philosophy - 20th century | 0 | 1 | 0 | 0 | 10 | 70 | 70.00 | 0 | 1 |